000 00762nam a2200241 a 4500
005 20240806064144.0
008 020208s2001 r 000 0 eng d
020 _a987906500X
035 _aUPN01000115707
049 _aCG
050 4 _aBF173 F8.5
_bA6.4
100 1 _aAppignanesi, Richard,
_d1940-
_928735
245 1 0 _aFreud para principiantes /
_cRichard Appignanesi y Oscar Zárate ; tr. Leandro Wolfson.
260 _aBuenos Aires :
_bEra Naciente,
_c2001.
300 _a176 p. :
_bil.
440 0 _aDocumentales ilustrados ;
_v1
534 _pTraducción de:
_tFreud for beginners
600 1 4 _aFREUD, SIGMUND,
_d1856-1939
650 4 _aPSICOANALISTAS
_97551
650 4 _aPsicoanálisis
_91572
700 1 _aZárate, Oscar,
_ecoaut.
905 _aLibro
999 _c88846
_d88846